[Event "Challenge"]
[Site "http://www.queenalice.com/game.php?id=584767"]
[Date "2009.5.7"]
[Round "-"]
[White "limonois"]
[Black "bugeyewrx"]
[Result "1-0"]
[WhiteElo "2137"]
[BlackElo "2127"]

1. e4 e5 2. Bc4 Nf6 3. d4 exd4 4. Nf3 Nxe4 5. Qxd4 Nd6 6. O-O Qf6 7. Re1+ Be7 8.
Qd1 Nc6 9. Nc3 Nxc4 10. Nd5 Qd6 11. Bf4 N6e5 12. Nxe5 Nxb2 13. Qd4 O-O 14. Ng6
Bf6 15. Bxd6 Bxd4 16. Nde7# 1-0

[Event "Challenge"]
[Site "http://www.queenalice.com/game.php?id=585307"]
[Date "2009.5.8"]
[Round "-"]
[White "hjspinosa"]
[Black "limonois"]
[Result "0-1"]
[WhiteElo "2132"]
[BlackElo "2263"]

1. e4 a6 2. d4 b5 3. c4 Bb7 4. Qc2 e6 5. cxb5 axb5 6. Bxb5 f5 7. Bd3 Nc6 8. Be3
Nb4 9. Qe2 Nxd3+ 10. Qxd3 Bxe4 11. Qf1 Qb8 12. b3 Bb4+ 13. Nd2 Bc3 14. Rc1 Rxa2
15. Rxc3 Ra1+ 16. Nb1 Rxb1+ 17. Bc1 Qb4 0-1

[Event "Challenge"]
[Site "http://www.queenalice.com/game.php?id=585834"]
[Date "2009.5.9"]
[Round "-"]
[White "limonois"]
[Black "luizantoniosetti"]
[Result "1-0"]
[WhiteElo "2296"]
[BlackElo "2147"]

1. e4 d6 2. d4 Nf6 3. Nc3 g6 4. f4 Bg7 5. Nf3 O-O 6. Bd3 Nc6 7. e5 dxe5 8. fxe5
Nh5 9. Be3 Bg4 10. Be2 f6 11. exf6 Nxf6 12. O-O Qd6 13. Qd2 Rad8 14. Rad1 Qb4
15. a3 Qxb2 16. Rb1 Qxa3 17. Rxb7 e5 18. Nb5 Qa4 19. Rxc7 Nxd4 20. Bxd4 exd4 21.
Rxa7 1-0

[Event "Challenge"]
[Site "http://www.queenalice.com/game.php?id=585945"]
[Date "2009.5.9"]
[Round "-"]
[White "Panter"]
[Black "limonois"]
[Result "0-1"]
[WhiteElo "2370"]
[BlackElo "2331"]

1. e4 a6 2. d4 b5 3. c4 e6 4. cxb5 axb5 5. Bxb5 Bb7 6. Bd3 Bb4+ 7. Bd2 Qe7 8.
Ne2 f5 9. Qb3 Nc6 10. exf5 Bxd2+ 11. Nxd2 Na5 12. Qc2 Bxg2 13. Rg1 Bd5 14. fxe6
Bxe6 15. Bxh7 Nf6 16. Be4 c6 17. Rg2 O-O 18. a3 Nxe4 19. Qxe4 Rae8 20. f3 d5 21.
Qe3 Qc7 22. Qc3 Bh3 23. Rf2 Rf6 24. O-O-O Rfe6 25. Ng3 Re3 26. Qc5 Nb7 27. Qc2
Nd6 28. Nb3 Nc4 29. Kb1 Qe7 30. Nc5 Rb8 31. Qa4 Rxa3 32. Qxc6 Qf7 33. Rd3 Ra5
34. Re2 Kh7 35. Nce4 dxe4 36. Qxe4+ Kg8 37. d5 Rc8 0-1

[Event "Challenge"]
[Site "http://www.queenalice.com/game.php?id=585950"]
[Date "2009.5.9"]
[Round "-"]
[White "Pato"]
[Black "limonois"]
[Result "0-1"]
[WhiteElo "2177"]
[BlackElo "2215"]

1. f4 b5 2. Nf3 Bb7 3. e3 a6 4. a4 b4 5. c4 e6 6. d4 Be7 7. b3 f5 8. Nbd2 Nf6 9.
Bb2 c5 10. Bd3 cxd4 11. exd4 Qc7 12. O-O Qxf4 13. Qe2 O-O 14. Rae1 Nc6 15. Ne5
Qh6 16. Ndf3 Nxe5 17. Nxe5 Bd6 18. Bc1 Qh4 19. Rf4 Ng4 20. h3 g5 21. Rff1 Nxe5
22. dxe5 Be7 23. Be3 g4 24. hxg4 fxg4 25. Rxf8+ Rxf8 26. Rf1 Rxf1+ 27. Kxf1 Qh1+
28. Bg1 Bc5 29. Qxg4+ Kh8 0-1

[Event "Challenge"]
[Site "http://www.queenalice.com/game.php?id=585951"]
[Date "2009.5.9"]
[Round "-"]
[White "TheBigSid"]
[Black "limonois"]
[Result "0-1"]
[WhiteElo "2151"]
[BlackElo "2226"]

1. d4 Nf6 2. Nf3 d5 3. c4 c6 4. e3 e6 5. Nc3 Nbd7 6. Bd3 dxc4 7. Bxc4 b5 8. Bd3
Bb7 9. O-O a6 10. e4 c5 11. Bg5 cxd4 12. Nxd4 h6 13. Be3 Bc5 14. Qe2 Qb6 15. Nc2
Ne5 16. Rfd1 O-O 17. f4 Nfg4 18. fxe5 Nxe3 19. Nxe3 Bxe3+ 20. Kh1 Bd4 21. Rac1
Bxe5 22. Qg4 Rac8 23. Bb1 Rfd8 24. Rf1 b4 25. Ne2 Rxc1 26. Rxc1 Rd2 27. Nf4 f5
28. Qf3 Rf2 0-1

[Event "Challenge"]
[Site "http://www.queenalice.com/game.php?id=586309"]
[Date "2009.5.10"]
[Round "-"]
[White "limonois"]
[Black "dahora"]
[Result "1-0"]
[WhiteElo "2184"]
[BlackElo "2124"]

1. e4 e6 2. d4 d5 3. e5 c5 4. c3 Nc6 5. Nf3 Bd7 6. Bd3 Rc8 7. Ng5 cxd4 8. Nxh7
Nxe5 9. Nxf8 Kxf8 10. O-O Qh4 11. h3 Nf6 12. Be2 dxc3 13. Nxc3 g5 14. f4 g4 15.
fxe5 gxh3 16. Rf4 Qg3 17. Qf1 Rxc3 18. bxc3 hxg2 19. Qxg2 Qxc3 20. exf6 1-0

[Event "Challenge"]
[Site "http://www.queenalice.com/game.php?id=586310"]
[Date "2009.5.10"]
[Round "-"]
[White "limonois"]
[Black "bohinky"]
[Result "1-0"]
[WhiteElo "2240"]
[BlackElo "2107"]

1. e4 d5 2. exd5 Qxd5 3. Nc3 Qd6 4. d4 Nf6 5. Nf3 a6 6. g3 Bg4 7. Bg2 Nc6 8. O-O
O-O-O 9. d5 Nb4 10. Bf4 Qc5 11. Qd2 Nbxd5 12. Nxd5 Nxd5 13. Ne5 Bh5 14. g4 Nxf4
15. Qxf4 Bg6 16. Rad1 Rxd1 17. Rxd1 e6 18. Nxf7 Bxf7 19. Qxf7 Bd6 20. Qxe6+ Kb8
21. Qe4 Qb6 22. Bf3 h5 23. gxh5 Bxh2+ 24. Kxh2 Qxf2+ 25. Kh3 1-0

[Event "Challenge"]
[Site "http://www.queenalice.com/game.php?id=586312"]
[Date "2009.5.10"]
[Round "-"]
[White "limonois"]
[Black "quifaiquoi"]
[Result "1-0"]
[WhiteElo "2205"]
[BlackElo "2122"]

1. e4 c5 2. d4 cxd4 3. Nf3 Nc6 4. Nxd4 Qb6 5. Nb3 d6 6. Nc3 Nf6 7. Be3 Qd8 8.
Qf3 Ne5 9. Bb5+ Bd7 10. Qe2 g6 11. f4 Nc6 12. e5 dxe5 13. fxe5 Nxe5 14. Bd4 Bxb5
15. Nxb5 Ned7 16. Nd6# 1-0

[Event "Challenge"]
[Site "http://www.queenalice.com/game.php?id=586355"]
[Date "2009.5.10"]
[Round "-"]
[White "limonois"]
[Black "astrologo"]
[Result "1-0"]
[WhiteElo "2247"]
[BlackElo "2113"]

1. e4 e5 2. Bc4 Nf6 3. d4 exd4 4. Nf3 Nxe4 5. Qxd4 Nf6 6. Bg5 Be7 7. Nc3 c6 8.
Qh4 d5 9. Bd3 h6 10. O-O-O Be6 11. Rhe1 Nbd7 12. Nd4 Nc5 13. Bf5 Qd7 14. Qh3
Bxf5 15. Nxf5 Ne6 16. Nxg7+ Kf8 17. Nxe6+ fxe6 18. Bxf6 Bxf6 19. Rxe6 Bg5+ 20.
f4 Bxf4+ 21. Kb1 Qf7 22. g3 1-0

[Event "Challenge"]
[Site "http://www.queenalice.com/game.php?id=586785"]
[Date "2009.5.11"]
[Round "-"]
[White "limonois"]
[Black "ozzyvegeta"]
[Result "1-0"]
[WhiteElo "2256"]
[BlackElo "2100"]

1. e4 c5 2. d4 cxd4 3. Nf3 Nc6 4. Nxd4 g6 5. c4 Bg7 6. Be3 Nf6 7. Nc3 d6 8. Be2
O-O 9. O-O Bd7 10. Qd2 Rc8 11. h3 Ne5 12. f3 Nxc4 13. Bxc4 Rxc4 14. Qd3 Rc8 15.
Rac1 a6 16. b4 Rc7 17. Bg5 b5 18. Bxf6 Bxf6 19. Nd5 Bxd4+ 20. Qxd4 Rc6 21. Qa7
e6 22. Rxc6 Bxc6 23. Ne7+ 1-0

[Event "Challenge"]
[Site "http://www.queenalice.com/game.php?id=587144"]
[Date "2009.5.12"]
[Round "-"]
[White "limonois"]
[Black "Pagano"]
[Result "1-0"]
[WhiteElo "2248"]
[BlackElo "2110"]

1. e4 c6 2. Nf3 d5 3. Nc3 dxe4 4. Nxe4 Nd7 5. d4 Ngf6 6. Nxf6+ Nxf6 7. Bc4 e6 8.
O-O Be7 9. Bg5 h6 10. Bh4 Ne4 11. Bxe7 Qxe7 12. Ne5 Nd6 13. Bd3 h5 14. c4 Bd7
15. Re1 O-O-O 16. Qb3 h4 17. d5 c5 18. Qa3 h3 19. Qxa7 hxg2 20. Qxc5+ Kb8 21.
Nxf7 1-0

[Event "Challenge"]
[Site "http://www.queenalice.com/game.php?id=587145"]
[Date "2009.5.12"]
[Round "-"]
[White "limonois"]
[Black "carver"]
[Result "1-0"]
[WhiteElo "2322"]
[BlackElo "2043"]

1. e4 e5 2. Bc4 Nf6 3. d4 Nxe4 4. dxe5 d6 5. Bxf7+ Kxf7 6. Qd5+ Ke8 7. Qxe4 dxe5
8. Nf3 Bd6 9. Nc3 Nc6 10. Be3 g6 11. O-O-O Bf5 12. Qc4 Qe7 13. Nd5 Qf7 14. Qb5
Bc8 15. Ng5 Qd7 16. Nf6+ 1-0

[Event "Challenge"]
[Site "http://www.queenalice.com/game.php?id=587157"]
[Date "2009.5.12"]
[Round "-"]
[White "limonois"]
[Black "holandes"]
[Result "1/2-1/2"]
[WhiteElo "2360"]
[BlackElo "2055"]

1. e4 e5 2. Bc4 Nf6 3. d4 exd4 4. Nf3 Nc6 5. O-O Nxe4 6. Re1 d5 7. Bxd5 Qxd5 8.
Nc3 Qh5 9. Nxe4 Be6 10. Bg5 Bd6 11. Nxd6+ cxd6 12. Bf4 Qd5 13. c3 Qf5 14. cxd4
Qxf4 15. d5 O-O 16. dxe6 fxe6 17. Rxe6 Ne5 18. Rxd6 Nxf3+ 19. gxf3 Qxf3 20. Qxf3
Rxf3 1/2-1/2

[Event "Challenge"]
[Site "http://www.queenalice.com/game.php?id=587159"]
[Date "2009.5.12"]
[Round "-"]
[White "Papachibe"]
[Black "limonois"]
[Result "0-1"]
[WhiteElo "2053"]
[BlackElo "2291"]

1. e4 e6 2. d4 a6 3. Nf3 b5 4. c4 Bb7 5. d5 Nf6 6. Bg5 h6 7. Bxf6 Qxf6 8. Qc2
Bb4+ 9. Nc3 O-O 10. Be2 bxc4 11. Bxc4 exd5 12. e5 Qf4 13. Be2 d4 14. a3 dxc3 15.
axb4 Bxf3 16. Bxf3 Qxe5+ 17. Qe2 Re8 18. Qxe5 Rxe5+ 19. Kd1 cxb2 20. Rb1 Nc6 21.
Rxb2 Rb8 22. Bxc6 dxc6 23. Kd2 c5 24. Kc3 cxb4+ 25. Rxb4 Rxb4 26. Kxb4 Kf8 27.
g3 Ke7 28. f4 Rb5+ 29. Kc4 Rh5 30. h4 Ra5 31. Rg1 Kd6 32. Rd1+ Kc6 33. Kb4 Rb5+
34. Kc4 a5 35. Rd3 Rb4+ 36. Kc3 Re4 37. Kb3 h5 38. Rc3+ Kb6 39. Rd3 f5 40. Kc2
g6 41. Kd2 Kc5 42. Rc3+ Rc4 43. Re3 a4 0-1

[Event "Challenge"]
[Site "http://www.queenalice.com/game.php?id=587160"]
[Date "2009.5.12"]
[Round "-"]
[White "Phil_Corrigan"]
[Black "limonois"]
[Result "0-1"]
[WhiteElo "2071"]
[BlackElo "2317"]

1. Nf3 d5 2. g3 c6 3. Bg2 Bg4 4. O-O Nf6 5. c4 e6 6. d4 Nbd7 7. Nc3 dxc4 8. Qc2
Bd6 9. e4 e5 10. Nxe5 Bxe5 11. dxe5 Nxe5 12. Be3 Nf3+ 13. Kh1 Qa5 0-1

[Event "Challenge"]
[Site "http://www.queenalice.com/game.php?id=588520"]
[Date "2009.5.15"]
[Round "-"]
[White "SirKnight"]
[Black "limonois"]
[Result "0-1"]
[WhiteElo "2050"]
[BlackElo "2350"]

1. e4 e6 2. d4 a6 3. Bd3 b5 4. Nf3 Bb7 5. Nc3 Nf6 6. Bg5 Be7 7. Bxf6 Bxf6 8. O-O
O-O 9. e5 Be7 10. Ne4 d6 11. Qd2 Nd7 12. Rad1 h6 13. Rfe1 dxe5 14. Nxe5 Nxe5 15.
dxe5 Qd5 16. f4 Qxa2 17. c3 Rfd8 18. Qc2 Qa5 19. Kh1 Bd5 20. Qf2 Qb6 21. Qg3 Bb3
22. Nf6+ Kh8 23. Nh5 g6 24. Nf6 Bxd1 25. Rxd1 Bxf6 26. exf6 Rd5 27. Re1 Rad8 28.
Bxg6 Rg8 0-1

[Event "Challenge"]
[Site "http://www.queenalice.com/game.php?id=588521"]
[Date "2009.5.15"]
[Round "-"]
[White "jmgk"]
[Black "limonois"]
[Result "0-1"]
[WhiteElo "2033"]
[BlackElo "2328"]

1. e4 e6 2. d4 a6 3. Nc3 b5 4. Nf3 Bb7 5. Bd3 Nf6 6. Bg5 Be7 7. e5 Nd5 8. Bxe7
Qxe7 9. Nxd5 Bxd5 10. O-O Qb4 11. a4 Qxb2 12. axb5 axb5 13. Rxa8 Bxa8 14. Qa1
Qxa1 15. Rxa1 Bxf3 16. gxf3 b4 17. Ra8 Ke7 18. f4 Rd8 19. Kf1 Nc6 20. Ra4 Rb8
21. Ke2 Nxd4+ 22. Ke3 Nc6 23. Be4 b3 24. cxb3 Rxb3+ 25. Kd2 Rh3 26. Rc4 Rxh2 27.
Ke3 Rh3+ 28. f3 Rh1 29. Bxc6 dxc6 30. Rxc6 Kd7 31. Rc2 Ra1 32. Kd4 h5 33. Rh2 g6
0-1

[Event "Challenge"]
[Site "http://www.queenalice.com/game.php?id=588527"]
[Date "2009.5.15"]
[Round "-"]
[White "limonois"]
[Black "Aldino"]
[Result "1-0"]
[WhiteElo "2236"]
[BlackElo "2034"]

1. e4 e5 2. Bc4 Nf6 3. d4 d6 4. dxe5 Nxe4 5. Qd5 Be6 6. Qxb7 Bxc4 7. Qxa8 d5 8.
Nf3 Bc5 9. Be3 Bxe3 10. fxe3 a6 11. Na3 Bb5 12. Nxb5 axb5 13. a4 bxa4 14. Qxa4+
c6 15. Qb4 Nd7 16. O-O c5 17. Qb7 O-O 18. Qxd5 1-0

[Event "Challenge"]
[Site "http://www.queenalice.com/game.php?id=588532"]
[Date "2009.5.15"]
[Round "-"]
[White "limonois"]
[Black "trolldetroy"]
[Result "1-0"]
[WhiteElo "2242"]
[BlackElo "2023"]

1. e4 e5 2. Bc4 Nf6 3. d4 d6 4. dxe5 Nxe4 5. Bxf7+ Kxf7 6. Qd5+ Ke8 7. Qxe4 Qe7
8. Nf3 Nc6 9. Nc3 Nxe5 10. O-O g6 11. Nd5 Bf5 12. Qa4+ 1-0